000 00368nam a2200133Ia 4500
005 20260328104317.0
008 260328s9999||||xx |||||||||||||| ||und||
100 _aBradfield, Richard
245 4 _aThe American House Design for living /
_cRichard Bradfield
260 _bAmerican Institute of Architects
300 _a131 p.
650 _aESTADOS UNIDOS
942 _cBK
999 _c11193
_d11193